00782nam a2200205 a 450000100100000000500170001000800410002702000150006804000250008308200140010810000400012224500830016226000400024530000270028549000470031270000330035983000540039295201130044699900170055900003649320200930075749.0120118s1995 cu 000 0 spa d a9591002262 aDO-SdBNPbspacBNPHU axxxbO77t1 aOrtiz, Fernando,d1881-1969.96273210aLos tambores, ararás, la conga /cFernando Ortiz; edición Silvana Garriga. aLa Habana :bLetras Cubanas,c1995. a66 p. :bil. ;c19 cm.1 aLos instrumentos de la música afrocubana1 aGarriga, Silvana,eed.96313 0aLos instrumentos de la música afrocubana962733 0010507-18MOaGRbGRcOId2012-01-18iLF1l0oxxx O77tp36494-10r2020-06-25w2020-06-25y1ZNo se presta c35984d35984